00293nam a2200121Ia 4500008004100000041000800041082001400049100001700063245002800080260003400108300002000142365000900162240624s9999 xx 000 0 und d aeng a332.4 SHA aSHAMAH SHANI aCURRENCY OPTIONS PRIMER c2004aEnglandbJohn Wiley and ax,197p. ; 25cm. cb27